000 00395nam a2200181Ia 4500
008 231222s2022 xx 000 0 und d
041 _aeng
082 _a615.1/BHI
100 _aDr.S.b.Bhise
245 _aPharmacology -I
250 _a3rd March
260 _bNirali Prakashan
_c2022
300 _a5p
365 _cRS
500 _aBV
650 _aPharmacology
906 _aB.Pharam
999 _c1007265
_d1007265